| 000 | 01011nam a2200301 i 4500 | ||
|---|---|---|---|
| 003 | DO-SdBNP | ||
| 005 | 20240711150557.0 | ||
| 007 | ta | ||
| 008 | 240711b1995 sp c 001 0 spa d | ||
| 020 | _a8408016172 | ||
| 040 |
_aDO-SdBNP _bspa _cBNPHU _erda |
||
| 082 | 4 |
_bP882 _222 |
|
| 100 | 1 |
_aPowell, charles T. _eautor _d1960- _986064 |
|
| 245 | 1 | 0 |
_aJuan Carlos un rey para la democracia : _cCharles T. Powell ; traducción Ángela Pérez |
| 264 |
_aBarcelona, España : _bPlaneta, _c1995. |
||
| 300 |
_a430 páginas : _bretratos _c24 cm. |
||
| 336 |
_2rdacontent _atexto _btxt |
||
| 337 |
_2rdamedia _asin mediación _bnc |
||
| 338 |
_2rdacarrier _avolumen _bnc |
||
| 490 | 1 | _aLa línea del horizonte. | |
| 500 | _aIncluye índice onomástico. | ||
| 500 | _aIncluye datos biografícos del autor en la solapa de la portada. | ||
| 504 | _aBibliografía p: 413-421. | ||
| 590 | _aInventariado, 2024/ YL | ||
| 700 | 1 |
_aPérez, Ángela _etraducción _911936 |
|
| 910 | _aYlockward | ||
| 942 |
_2ddc _cLBS1 |
||
| 999 |
_c57271 _d57271 |
||